000 00672nam a22002177a 4500
005 20170124110232.0
010 _aA-763857
020 _c00.00
_a0752300067
035 _aA-763857
037 _bCen Lib/Ret
040 _aDPL
_bEN
082 _a880.92
_bLAR
245 _aLarousse dictionary of writers /
_cedited by Rosemary Goring
260 _aEdinburgh
_bLarousse
_c1994
270 _a43-45 Annandale Street
_bEdinburgh
300 _aix,1070p.
_c24cm(Hb)
650 _aLiterature -- Dictionaries
_941444
650 _aLiterature -- Bio-bibliography -- Dictionaries
_941445
700 _aGoring, Rosemary
_941446
942 _2ddc
_cEN
_h880.92
_mLAR
999 _c134694
_d134694